La dynamique relativiste et ses applications. Fascicule II, Problèmes de mouvement en dynamique du point faiblement accéléré /

Guardado en:
Autor Principal: Arzeliès, Henri, 1913-
Otros Autores: Mendez, R.
Formato: Libro
Idioma:French
Publicado: Paris : Gauthier-Villars, 1958.
Series:Études relativistes
Etiquetas: Agregar Etiqueta
Sin Etiquetas, Sea el primero en etiquetar este registro!
LEADER 00668nam a22001695a 4500
001 MAT.inmabb001178
008 031120s1958####fr############000#0#fre#d
005 20170811170120.0
245 1 3 |a La dynamique relativiste et ses applications.  |n Fascicule II,  |p Problèmes de mouvement en dynamique du point faiblement accéléré /  |c par Henri Arzeliès ; avec la collaboration de R. Mendez. 
260 |a Paris :  |b Gauthier-Villars,  |c 1958. 
300 |a xxxiv, 451 p. ;  |c 25 cm. 
440 0 |a Études relativistes 
510 4 |a MR,  |c 21 #7776 
100 1 |a Arzeliès, Henri,  |d 1913- 
700 1 |a Mendez, R. 
084 |a 83.00 (70.00)  |2 MR 
859 |h 83  |i Ar797d  |p A-1249  |v 2  |3 Fac. II  |b BIB. MATEMATICA